La explotación bananera en Honduras capítulos del deshonor nacional

Guardat en:
Dades bibliogràfiques
Autor principal: Flores Valeriano, Enrique
Format: Desconegut
Publicat: Honduras Editorial Universitaria 1979
Matèries:
Etiquetes: Afegir etiqueta
Sense etiquetes, Sigues el primer a etiquetar aquest registre!

MARC

LEADER 000000000a22000000004500
001 002208
041 0 |a español 
092 0 |a 338.174.772.097.283 F634e 
100 1 |a Flores Valeriano, Enrique 
245 1 3 |a La explotación bananera en Honduras   |b capítulos del deshonor nacional 
260 |a Honduras   |b Editorial Universitaria   |c 1979 
300 |a 229 páginas 
500 |a Número de inscripción 01617 
650 4 |a HONDURAS 
650 4 |a PLATANOS 
650 4 |a COMERCIO 
650 4 |a POLITICA GUBERNAMENTAL 
999 |c 3073  |d 3073